Statistics for Largest Cities In The Largest States

Click here to take the quiz!

General Stats

  • This quiz has been taken 33 times
  • The average score is 21 of 25

Answer Stats

GroupAnswer% Correct
TexasAustin
100%
New YorkBuffalo
100%
TexasDallas
100%
TexasHouston
100%
FloridaJacksonville
100%
CaliforniaLos Angeles
100%
FloridaMiami
100%
CaliforniaSan Diego
100%
IllinoisChicago
97%
New YorkNew York City
97%
FloridaOrlando
97%
TexasSan Antonio
97%
CaliforniaSan Francisco
97%
FloridaTampa
97%
TexasFort Worth
93%
CaliforniaSan Jose
90%
New YorkRochester
87%
New YorkSyracuse
77%
CaliforniaFresno
70%
FloridaSt. Petersburg
70%
New YorkYonkers
70%
IllinoisAurora
57%
IllinoisRockford
50%
IllinoisJoliet
33%
IllinoisNaperville
27%

Score Distribution

Percentile by Number Answered

Percent of People with Each Score

Your Score History

You have not taken this quiz